[Event "Panchenko Memorial-A 2021"]
[Site "Chelyabinsk"]
[Date "2021.09.14"]
[Round "2.9"]
[White "Zarubitski, Viachaslau"]
[Black "Pridorozhni, Aleksei"]
[Result "0-1"]
[WhiteElo "2416"]
[BlackElo "2550"]
[Annotator "ChessBase"]
[PlyCount "128"]
[EventDate "2021.09.13"]
[EventType "swiss"]
[EventCountry "RUS"]
[SourceTitle "playchess.com"]
[Source "ChessBase"]
[SourceQuality "1"]
[TimeControl "5400+30"]

1. e4 {[%emt 0:00:04]} c5 {[%emt 0:00:07]} 2. Nf3 {[%emt 0:00:14]} e6 {[%emt 0:00:07]} 3. d4 {[%emt 0:00:29]} cxd4 {[%emt 0:00:08]} 4. Nxd4 {[%emt 0:00:03]} Nf6 {[%emt 0:00:09]} 5. Nc3 {[%emt 0:00:05]} Nc6 {[%emt 0:00:05]} 6. Ndb5 {[%emt 0:00:16]} Bc5 {[%emt 0:00:09]} 7. Bf4 {[%emt 0:00:30]} O-O {[%emt 0:00:09]} 8. Bc7 {[%emt 0:00:46]} Qe7 {[%emt 0:00:08]} 9. Bd6 {[%emt 0:00:05]} Bxd6 {[%emt 0:00:06]} 10. Qxd6 {[%emt 0:00:13]} Ne8 {[%emt 0:00:50]} 11. Qxe7 {[%emt 0:01:43]} Nxe7 {[%emt 0:00:07]} 12. O-O-O {[%emt 0:00:13]} f5 {[%emt 0:00:08]} 13. e5 {[%emt 0:00:53]} g5 {[%emt 0:00:25]} 14. Bc4 {[%emt 0:18:31]} Ng6 {[%emt 0:04:17]} 15. Rhe1 {[%emt 0:00:35]} a6 {[%emt 0:00:19]} 16. Nd6 {[%emt 0:01:42]} Nxd6 {[%emt 0:00:13]} 17. Rxd6 {[%emt 0:00:22]} b5 {[%emt 0:00:07]} 18. Bf1 {[%emt 0:04:57]} Ra7 {[%emt 0:03:39]} 19. a4 {[%emt 0:10:14]} b4 {[%emt 0:00:49]} 20. Nb1 {[%emt 0:12:30]} Kf7 {[%emt 0:04:16]} 21. Nd2 {[%emt 0:02:22]} Ke7 {[%emt 0:00:31]} 22. Rb6 {[%emt 0:00:18]} a5 {[%emt 0:00:24]} 23. Nb3 {[%emt 0:15:58]} Bb7 {[%emt 0:01:14]} 24. Nd4 {[%emt 0:02:24]} Rb8 {[%emt 0:05:19]} 25. g3 {[%emt 0:05:00]} Raa8 {[%emt 0:01:26]} 26. Bd3 {[%emt 0:03:21]} g4 {[%emt 0:05:35]} 27. Rb5 {[%emt 0:08:43]} Bg2 {[%emt 0:01:44]} 28. Rc5 {[%emt 0:00:07]} Rc8 {[%emt 0:00:32]} 29. Rb5 {[%emt 0:00:04]} Bc6 {[%emt 0:02:10]} 30. Nxc6+ {[%emt 0:00:52]} Rxc6 {[%emt 0:00:06]} 31. h3 {[%emt 0:00:29]} h5 {[%emt 0:03:14]} 32. hxg4 {[%emt 0:00:18]} hxg4 {[%emt 0:00:06]} 33. Rh1 {[%emt 0:00:19]} Nh8 {[%emt 0:00:09]} 34. Rb7 {[%emt 0:05:34]} Rc5 {[%emt 0:02:03]} 35. Rh7+ {[%emt 0:00:27]} Nf7 {[%emt 0:00:08]} 36. Bb5 {[%emt 0:00:01]} Rd8 {[%emt 0:00:43]} 37. Ra7 {[%emt 0:01:18]} Rxe5 {[%emt 0:00:18]} 38. Rxa5 {[%emt 0:00:03]} Kf6 {[%emt 0:03:31]} 39. Ra7 {[%emt 0:00:08]} Ng5 {[%emt 0:04:03]} 40. Rh6+ {[%emt 0:03:40]} Ke7 {[%emt 0:02:41]} 41. Kb1 {[%emt 0:00:01]} Rd5 {[%emt 0:00:31]} 42. Bc4 {[%emt 0:02:29]} Rd2 {[%emt 0:03:06]} 43. Rg6 {[%emt 0:00:17]} Rh8 {[%emt 0:00:06]} 44. a5 {[%emt 0:03:19]} Kf7 {[%emt 0:01:09]} 45. Rxg5 {[%emt 0:00:04]} Kf6 {[%emt 0:00:04]} 46. Rxf5+ {[%emt 0:00:53]} exf5 {[%emt 0:00:09]} 47. a6 {[%emt 0:00:14]} f4 {[%emt 0:00:59]} 48. Rb7 {[%emt 0:00:50]} f3 {[%emt 0:04:10]} 49. a7 {[%emt 0:00:30]} Ra8 {[%emt 0:00:05]} 50. Rb6+ {[%emt 0:00:30]} Ke5 {[%emt 0:01:41]} 51. Rb5+ {[%emt 0:00:22]} d5 {[%emt 0:01:21]} 52. Ra5 {[%emt 0:00:11]} Rxa7 {[%emt 0:00:39]} 53. Rxa7 {[%emt 0:00:18]} dxc4 {[%emt 0:00:04]} 54. Re7+ {[%emt 0:01:08]} Kf5 {[%emt 0:00:33]} 55. Rf7+ {[%emt 0:00:30]} Kg5 {[%emt 0:01:03]} 56. Rb7 {[%emt 0:00:32]} Rxf2 {[%emt 0:00:49]} 57. Rb5+ {[%emt 0:00:28]} Kg6 {[%emt 0:01:04]} 58. Rb6+ {[%emt 0:00:14]} Kf5 {[%emt 0:00:06]} 59. Rxb4 {[%emt 0:00:24]} Rf1+ {[%emt 0:00:25]} 60. Ka2 {[%emt 0:00:04]} f2 {[%emt 0:00:16]} 61. Rb8 {[%emt 0:01:11]} Ra1+ {[%emt 0:00:30]} 62. Kxa1 {[%emt 0:00:01]} f1=Q+ {[%emt 0:00:08]} 63. Ka2 {[%emt 0:00:01]} Qg1 {[%emt 0:00:23]} 64. Rf8+ {[%emt 0:00:30]} Ke5 0-1

[Event "Panchenko Memorial-A 2021"]
[Site "Chelyabinsk"]
[Date "2021.09.14"]
[Round "2.10"]
[White "Afanasiev, Nikita"]
[Black "Agmanov, Zhandos"]
[Result "1-0"]
[WhiteElo "2548"]
[BlackElo "2425"]
[Annotator "ChessBase"]
[PlyCount "65"]
[EventDate "2021.09.13"]
[EventType "swiss"]
[EventCountry "RUS"]
[SourceTitle "playchess.com"]
[Source "ChessBase"]
[SourceQuality "1"]
[TimeControl "5400+30"]

1. c4 {[%emt 0:00:33]} e5 {[%emt 0:00:45]} 2. Nc3 {[%emt 0:00:33]} Bb4 {[%emt 0:00:33]} 3. Nd5 {[%emt 0:01:57]} Be7 {[%emt 0:01:25]} 4. d4 {[%emt 0:01:24]} exd4 {[%emt 0:00:20]} 5. Qxd4 {[%emt 0:00:31]} Nf6 {[%emt 0:01:05]} 6. Nxe7 {[%emt 0:01:24]} Qxe7 {[%emt 0:00:07]} 7. Bg5 {[%emt 0:00:05]} Nc6 {[%emt 0:12:07]} 8. Qc3 {[%emt 0:01:42]} d6 {[%emt 0:01:40]} 9. Bxf6 {[%emt 0:02:40]} Qxf6 {[%emt 0:01:12]} 10. Qxf6 {[%emt 0:01:50]} gxf6 {[%emt 0:00:02]} 11. e3 {[%emt 0:00:07]} Be6 {[%emt 0:00:56]} 12. Rc1 {[%emt 0:00:21]} Ke7 {[%emt 0:11:28]} 13. Ne2 {[%emt 0:00:46]} Ne5 {[%emt 0:01:11]} 14. Ng3 {[%emt 0:17:18]} Rhg8 {[%emt 0:05:00]} 15. Be2 {[%emt 0:01:40]} c5 {[%emt 0:20:50]} 16. O-O {[%emt 0:06:04]} a6 {[%emt 0:01:21]} 17. f4 {[%emt 0:05:17]} Nc6 {[%emt 0:02:36]} 18. Rfd1 {[%emt 0:00:09]} f5 {[%emt 0:08:00]} 19. Rd2 {[%emt 0:08:17]} Rab8 {[%emt 0:01:55]} 20. Bd3 {[%emt 0:03:17]} Kf6 {[%emt 0:02:39]} 21. Rcd1 {[%emt 0:07:56]} b5 {[%emt 0:05:34]} 22. b3 {[%emt 0:15:29]} Na5 {[%emt 0:04:45]} 23. cxb5 {[%emt 0:05:26]} axb5 {[%emt 0:00:27]} 24. e4 {[%emt 0:00:04]} c4 {[%emt 0:05:44]} 25. exf5 {[%emt 0:00:06]} cxd3 {[%emt 0:03:15]} 26. fxe6 {[%emt 0:00:04]} Nc4 {[%emt 0:04:25]} 27. Ne4+ {[%emt 0:07:51]} Kxe6 {[%emt 0:03:12]} 28. Rxd3 {[%emt 0:00:06]} Nb6 {[%emt 0:01:12]} 29. Rxd6+ {[%emt 0:00:14]} Ke7 {[%emt 0:00:01]} 30. f5 {[%emt 0:02:10]} Rgc8 {[%emt 0:00:38]} 31. Rh6 {[%emt 0:01:48]} Rc2 {[%emt 0:00:26]} 32. Ng5 {[%emt 0:00:51]} Nd7 {[%emt 0:00:29]} 33. f6+ {[%emt 0:00:09]} 1-0

[Event "Panchenko Memorial-A 2021"]
[Site "Chelyabinsk"]
[Date "2021.09.15"]
[Round "3.1"]
[White "Timofeev, Artyom"]
[Black "Nesterov, Arseniy"]
[Result "1-0"]
[WhiteElo "2583"]
[BlackElo "2483"]
[Annotator "TA"]
[PlyCount "115"]
[EventDate "2021.09.13"]
[EventType "swiss"]
[EventCountry "RUS"]
[SourceTitle "playchess.com"]
[Source "ChessBase"]
[SourceQuality "1"]

{[%evp 14,115,-22,-16,-11,-26,-22,-20,-8,-18,-4,-12,0,0,0,0,0,0,0,0,6,-5,17,8,19,35,35,7,10,17,12,9,15,15,17,18,10,0,2,0,0,0,0,0,29,15,20,16,22,0,0,0,20,0,50,23,64,59,122,122,233,238,225,206,225,231,338,320,298,253,431,420,418,403,720,707,659,634,5297,2763,2779,2579,1415,713,2705,2469,12839,12839,12843,12843,12845,12845,12845,12846,12847,12847,12847,12848,12850,12848,12849,12848,12850,12848]} 1. e4 e5 2. Nf3 Nc6 3. Nc3 Nf6 4. d3 d5 5. exd5 Nxd5 6. Be2 Be7 7. O-O O-O 8. Re1 Re8 {C44: Ponziani Opening and Scotch Gambit.} 9. h3 Bf5 10. Bd2 h6 {The position is equal.} 11. Bf1 Bf8 12. a3 {[#]} a5 $146 ({Predecessor:} 12... Nxc3 13. Bxc3 Qd5 14. g4 Bh7 15. Bg2 Qd6 16. Nd2 f6 17. b4 Rad8 18. Qf3 Rb8 19. Nc4 Qd8 20. b5 Ne7 21. Bb4 Ng6 22. Qd5+ Kh8 23. Qxd8 Rexd8 {½-½ (23) Young,A (2335)-Eckert,D (2255) Saint Louis 2014}) 13. Nb5 a4 14. c4 Nf6 15. Bc3 {[%cal Rf3e5]} Nd7 16. d4 {[%cal Rd4e5]} e4 17. Nd2 Na5 18. Bb4 ({Much worse is} 18. Qxa4 c6 $17) 18... Bxb4 19. axb4 Nc6 20. Rxa4 (20. Qc1 {seems wilder.} Nxb4 21. Qc3 Na6 22. Rxa4 Nb6 23. Ra5) 20... Rxa4 21. Qxa4 Nb6 22. Qa3 Nxd4 23. Nxd4 Qxd4 24. Nb3 Qe5 25. Nc5 Ra8 26. Qc3 Qxc3 27. bxc3 Ra3 $1 28. g4 Bg6 (28... Be6 $5) 29. Re3 Na4 30. Nxb7 Kf8 31. Na5 Rxc3 32. Nc6 f6 33. c5 Rxe3 (33... Rc1 {is interesting.} 34. Ra3 Nc3 35. Kg2 Nd5 36. Ra8+ Kf7) 34. fxe3 $11 {[%mdl 4096] Endgame KBN-KBN} Nc3 35. Kf2 Bf7 {White stays focused until the end.} ({Black should try} 35... h5 $14) 36. Ke1 $1 $16 Nd5 (36... Ke8 $16 {keeps fighting.}) 37. b5 $1 $18 Ke8 ({Don't blunder} 37... Nxe3 $2 38. b6 $18) 38. Kd2 Kd7 39. Bc4 Bg8 (39... g6 $142 40. Bb3 Bg8) 40. Nd4 g6 41. Ne2 Be6 $2 (41... Kc8 {was necessary.} 42. Ng3 Be6 43. Nxe4 Bg8) 42. Bxd5 Bxd5 {[#] KB-KN} 43. Kc3 Be6 (43... Ba2 $142 44. Kd4 Bf7) 44. Nf4 {White is clearly winning.} Bf7 {[#]} 45. Kd4 $1 {[%cal Rd4e4]} f5 46. gxf5 gxf5 47. h4 Bb3 48. Ke5 Ba4 49. b6 {Intending b7 and mate.} cxb6 50. cxb6 Kc6 51. Kxf5 Kxb6 52. Kg6 Kc5 53. Kxh6 Kc4 54. Kg5 Kc3 55. h5 Bb3 56. h6 Bg8 57. Nh5 Kd3 58. Kf4 {Weighted Error Value: White=0.04/Black=0.24} 1-0

[Event "Panchenko Memorial-A 2021"]
[Site "Chelyabinsk"]
[Date "2021.09.15"]
[Round "3.2"]
[White "Gleizerov, Evgeny"]
[Black "Lintchevski, Daniil"]
[Result "0-1"]
[WhiteElo "2463"]
[BlackElo "2561"]
[Annotator "TA"]
[PlyCount "96"]
[EventDate "2021.09.13"]
[EventType "swiss"]
[EventCountry "RUS"]
[SourceTitle "playchess.com"]
[Source "ChessBase"]
[SourceQuality "1"]

{[%evp 9,96,0,21,4,0,0,0,0,0,0,0,0,0,0,0,-8,-10,-18,0,0,0,0,0,-4,-14,-34,-20,-31,-20,-24,-22,-53,-53,-64,-62,-69,-48,-81,-68,-85,-18,-15,-19,-11,-6,-14,0,-2,-6,-2,-1,0,-6,-5,-6,-7,0,0,0,0,0,0,0,-23,-27,-132,-132,-132,-131,-405,-390,-559,-550,-720,-694,-756,-694,-29970,-29974,-29975,-29976,-29976,-29977,-29977,-29978,-29978,-29979,-29977,-29973]} 1. d4 d5 2. c4 c6 3. Nf3 Nf6 4. Nc3 a6 5. Ne5 Nbd7 6. g3 {D15: Slav Defence: 4 Nc3 a6 and gambit lines after 4 Nc3 dxc4.} e6 7. Bg2 Nxe5 8. dxe5 {The position is equal.} Nd7 9. cxd5 exd5 10. e4 d4 11. Qxd4 Bc5 12. Qd1 (12. Qc4 $2 Nxe5 13. Qe2 Nd3+ 14. Kd1 Nxf2+ 15. Kc2 Bg4 $19) 12... Nxe5 {[#] ...Nd3+ is the strong threat.} 13. Qxd8+ Kxd8 14. f4 Nd3+ 15. Ke2 Nxc1+ 16. Raxc1 Ba7 {[#]} 17. Kf3 $146 ({Predecessor:} 17. b3 f6 18. Rhd1+ Ke7 19. Na4 Rd8 20. Rxd8 Kxd8 21. Nc5 Ke7 22. Bf3 a5 23. Nd3 {0-1 (83) Harika,D (2474)-Stefanova,A (2527) Ohrid 2009}) 17... Ke7 18. Rhd1 f6 19. f5 Bd7 20. Ne2 g5 21. Nd4 Rad8 22. Bf1 h5 23. Ne2 Bb8 24. h3 g4+ (24... Be5 $17) 25. hxg4 $11 hxg4+ 26. Kxg4 Rdg8+ 27. Kf3 Rh2 {With the idea ...Be8.} 28. Nf4 Bxf4 29. gxf4 Be8 30. Ke3 ({Avoid the trap} 30. Bc4 $2 Bh5+ 31. Ke3 Rh3+ 32. Kf2 Rh2+ 33. Ke3 (33. Kf1 $2 Rgg2 $19) 33... Rh3+ 34. Kf2 Rf3+ 35. Ke1 Rg1+ 36. Kd2 Rg2+ 37. Be2 Rff2 $19) 30... Bh5 31. Rd3 Rxb2 32. Rb3 $1 {[%cal Rb3b2]} Rg3+ (32... Rxa2 {seems wilder.} 33. Rxb7+ Kd6 34. e5+ fxe5 35. fxe5+ Kxe5 36. Re7+ Kxf5 37. Rxc6 a5) 33. Kd4 Rgxb3 34. axb3 Rxb3 {[%mdl 4096] Endgame KRB-KRB} 35. Bc4 {[%cal Rc4b3]} Rb4 {Hoping for ...b5.} 36. Kc3 a5 37. e5 (37. Rh1 $11 b5 38. Bd3) 37... b5 $17 {[%cal Bb7b5,Bb5b4,Bb4b3,Bb3b2][%mdl 32]} 38. Be6 {[#]} Bf7 $1 {[%cal Rf7e6]} 39. Bxf7 {[%mdl 8192] Now White is beyond hope.} (39. Rh1 $17 {was the only chance.} Bxe6 40. Rh7+ Bf7 41. e6 {[%mdl 64] Pin}) 39... Kxf7 {KR-KR} 40. Kd3 (40. e6+ {was necessary.} Kf8 41. Rf1) 40... Rxf4 $19 41. Rxc6 fxe5 42. Rb6 b4 43. Ra6 b3 {Black mates.} 44. Rxa5 Rb4 45. Ra1 b2 46. Rb1 Kf6 47. Kc3 Rb8 48. Kc2 Rb7 {Weighted Error Value: White=0.45/Black=0.06} 0-1

[Event "Panchenko Memorial-A 2021"]
[Site "Chelyabinsk"]
[Date "2021.09.15"]
[Round "3.3"]
[White "Pridorozhni, Aleksei"]
[Black "Salemgareev, Tagir"]
[Result "1/2-1/2"]
[WhiteElo "2550"]
[BlackElo "2463"]
[Annotator "TA"]
[PlyCount "173"]
[EventDate "2021.09.13"]
[EventType "swiss"]
[EventCountry "RUS"]
[SourceTitle "playchess.com"]
[Source "ChessBase"]
[SourceQuality "1"]

{[%evp 18,173,-2,-28,-24,-25,-25,-14,-23,-28,-33,-24,0,-16,0,-32,-23,-27,-7,-38,-24,-32,-21,-26,-34,-36,-12,-39,-20,-29,-15,-18,41,-29,29,-27,-34,-34,-23,-35,-29,-9,0,-34,-33,-27,-25,-44,-44,-40,-40,-108,-107,-231,-237,-331,-323,-309,-296,-476,-206,-382,-397,-300,-8,-8,-8,-521,-138,-139,-134,-126,-126,-126,-128,-119,0,-136,-128,-127,-128,-128,-128,-128,-129,-121,-89,-111,-51,-54,-49,-35,0,-57,-37,-91,-68,-68,-68,-68,-8,-37,-36,-26,-20,-28,-28,-28,0,-28,-8,-8,0,0,0,0,0,0,0,0,8,8,8,8,8,8,8,8,8,8,8,8,8,8,8,8,8,8,8,8,8,8,8,8,8,8,8,8,8,8,8,8,8,8,8,8,8,8]} 1. e4 c5 2. Nf3 Nc6 3. Bb5 e6 4. O-O Nge7 5. c3 a6 6. Ba4 b5 7. Bc2 Bb7 8. Re1 Rc8 9. d4 cxd4 10. cxd4 Nb4 {B30: Sicilian: 2...Nc6 3 Bb5, lines without ...g6.} 11. Bb3 {[#]} Rxc1 $1 {[%mdl 64] Decoy} 12. Qxc1 {aiming for Qc3.} Nd3 $1 {[%csl LRc1,LRe1]} 13. Qd2 Nxe1 14. Qxe1 Nc6 15. Nc3 Be7 16. Rd1 Na5 17. Bc2 O-O {[#]} 18. Ne2 $146 ({Predecessor:} 18. d5 Qb6 19. e5 Rc8 20. d6 Bd8 21. Bb1 Nc4 22. Qe2 f6 23. Ng5 f5 24. Nf3 {0-1 (42) Karlovich,A (2273)-Zakurdjaeva,I (2272) Oropesa del Mar 2000}) 18... Qc7 19. Bb1 Rc8 20. b3 Nc6 21. Qd2 Bb4 22. Qe3 Ne7 23. h4 Qd8 24. h5 h6 (24... d6 $11) 25. Ne5 (25. d5 $1 $14) 25... Ba5 (25... d6 $142 26. Ng4 Qe8) 26. Nd3 (26. d5 $142 exd5 27. exd5) 26... d6 $11 27. Ndf4 Bb6 28. Qd3 e5 29. Nd5 Nc6 30. dxe5 Nxe5 31. Qh3 Bxd5 32. exd5 Rc7 33. Kf1 Qf6 {[%csl Gb6][%cal Rf6f2]} 34. f4 (34. Qf5 $15) 34... Nd7 $1 $17 35. g3 (35. g4 $17) 35... Qb2 $1 $19 36. Qf5 {intending Qh7+.} Nf6 37. g4 Re7 {[%csl Ge7][%cal Rb2e2]} 38. Bd3 (38. Qd3) 38... Qa3 (38... Re8 $142 39. b4 Qxb4) 39. b4 $2 (39. Qc8+ Re8 40. Rc1) 39... Qxb4 40. Rc1 Re8 $2 ({Black should try} 40... Bc5 $19 {White must now prevent ...Qd2.} 41. g5 hxg5) 41. g5 $11 hxg5 $40 {[%mdl 128] Black attacks.} 42. Qxg5 {[%mdl 8192]} ({Don't blunder} 42. fxg5 $2 Qh4 $1 $19) (42. h6 $1 $11 Qd2 43. fxg5) 42... Ne4 $2 (42... Qd2 $19 43. h6 Nh5 $1 {[%mdl 512]} 44. Qxh5 Qxd3 45. hxg7 Kxg7) 43. Qf5 $17 {[#]} Qd2 $1 {( -> ...Ng3+!)} 44. Bxe4 Qe3 {[%csl Gb6][%cal Re3f2]} 45. Ke1 {And now Rc8 would win.} Ba5+ 46. Kf1 Bb6 {[%csl Gb6][%cal Re3f2]} 47. Ke1 {Hoping for Rc8.} Qxe4 48. Qxe4 Rxe4 {[%mdl 4096] Endgame KRB-KRN} 49. Rc6 {[#]} Bc5 50. Rxa6 Re3 51. a4 b4 52. a5 Ra3 ({Better is} 52... Kh7 $17 53. Ra8 g6 54. hxg6+ Kxg6) 53. Kd2 $1 $15 Ra2+ 54. Kd3 Ra3+ (54... Kh7 {looks sharper.} 55. Nc1 Ra3+ 56. Kc2 Rc3+ 57. Kb1 Be3) 55. Kd2 $1 b3 56. Ra8+ Kh7 57. Rb8 Rxa5 58. Rxb3 Ra1 (58... g6 $15 59. hxg6+ Kxg6) 59. Ng3 Ra4 60. Ne2 Kh6 61. Rg3 Ra2+ 62. Kd3 Ra4 63. Rg2 Ra3+ 64. Ke4 {The position is equal.} Kxh5 {Threatens to win with ...g6.} 65. Kf5 {Intending Rh2+ and mate.} ({Don't go for} 65. Ng3+ $2 Kg6 $19) 65... g6+ 66. Kf6 Rd3 67. Rg5+ Kh4 68. Kxf7 Rd2 69. Ng3 Rf2 70. Kxg6 {Strongly threatening f5.} Rxf4 71. Nf5+ Kh3 72. Kf7 Re4 73. Rg3+ Kh2 74. Rd3 Kg2 75. Ng7 Rd4 (75... Rf4+ {feels hotter.} 76. Ke7 Rd4 77. Rxd4 Bxd4 78. Ne6 Be5) 76. Rxd4 Bxd4 $11 {KB-KN} 77. Nf5 Bc5 78. Ke6 Kf3 79. Nxd6 Kf4 80. Nc4 Ke4 81. Na5 Bb4 82. Nb7 Kd4 83. Nd8 {Threatening mate with Nc6+.} Kc4 84. Nf7 Ba3 85. Ne5+ Kd4 86. d6 Bxd6 87. Kxd6 {White happily takes the draw.  Weighted Error Value: White=0.30/Black=0.40} 1/2-1/2

[Event "Panchenko Memorial-A 2021"]
[Site "Chelyabinsk"]
[Date "2021.09.15"]
[Round "3.4"]
[White "Gabrielian, Artur"]
[Black "Afanasiev, Nikita"]
[Result "0-1"]
[WhiteElo "2459"]
[BlackElo "2548"]
[Annotator "TA"]
[PlyCount "112"]
[EventDate "2021.09.13"]
[EventType "swiss"]
[EventCountry "RUS"]
[SourceTitle "playchess.com"]
[Source "ChessBase"]
[SourceQuality "1"]

{[%evp 21,112,41,48,19,37,43,45,41,38,27,30,27,59,12,31,17,13,12,22,12,20,0,2,0,-2,-11,-1,-6,-2,-14,-24,-24,-21,-26,-34,-25,-20,-37,-23,-30,-31,-39,-24,-57,-56,-41,-34,-37,-43,-107,-97,-109,-67,-131,-68,-139,-147,-263,-200,-200,-212,-510,-514,-522,-514,-505,-493,-439,-351,-406,-347,-948,-942,-577,-920,-889,-869,-858,-838,-814,-799,-787,-726,-12840,-12840,-12842,-12842,-12844,-12842,-12842,-12843,-12844,-12843]} 1. e4 e5 2. Nf3 Nc6 3. Bb5 a6 4. Ba4 d6 5. O-O Bd7 6. c3 g6 7. d4 Bg7 8. Re1 Nge7 9. Be3 O-O 10. Nbd2 h6 {10...h6 is better than 10...Qe8.} 11. dxe5 dxe5 12. Bc5 {C76: Ruy Lopez: Deferred Steinitz: 5 c3 Bd7 6 d4 g6.} b6 13. Ba3 Re8 14. Nf1 {White is slightly better.} b5 15. Bc2 Na5 {[#]} 16. Ne3 $146 ({Predecessor:} 16. b3 c6 17. Qe2 Be6 18. Red1 Qc8 19. Ne3 Nb7 20. c4 Qc7 21. Bd3 Qa5 22. Bb2 f6 23. a3 h5 24. b4 {½-½ (24) Zielinski,M (2395)-Medancic,R (2305) Warsaw 1988}) 16... Nb7 17. b3 c5 18. h4 h5 19. Bb2 Qc7 20. a4 Nd6 21. axb5 axb5 22. Rxa8 Rxa8 23. c4 Nc6 $1 24. Nd5 Qb8 25. cxb5 Nxb5 26. Ne7+ Nxe7 27. Qxd7 Ra7 28. Qd3 Nc6 29. Qc4 Qb6 30. Bd3 Nd6 31. Qc1 Bf6 32. Bc4 Nd4 33. Bxd4 cxd4 ({But not} 33... exd4 $2 34. e5 $18) 34. Bd5 {Black must now prevent Qh6.} Kg7 35. Qc2 {Black keeps a firm grip on the game.} (35. Qc6 $15 Qxc6 36. Bxc6) 35... Nb5 $17 {[%cal Bd6b5,Bb5c3,Bc3e2][%mdl 32]} 36. b4 Ra3 {And now ...Nc3 would win.} 37. Qc8 {[#]} (37. Qc5 $15 Qxc5 38. bxc5) 37... d3 (37... Nc7 $1 $17 {[%cal Rc7d5]} 38. Rb1 Nxd5 39. exd5 e4) 38. Rd1 (38. Qc5 $15 Bd8 39. Bc4 (39. Nxe5 Qxc5 40. bxc5 Nc3 $17) 39... Qxc5 40. bxc5) 38... Nc3 39. Bxf7 (39. Rxd3 $17 {was the only chance.} Ne2+ {[%mdl 64] Discovered Attack} 40. Kf1 Rxd3 41. Kxe2 Rxd5 42. exd5 Qb5+ 43. Ke3) 39... Ne2+ 40. Kh2 {Qg8+ would kill now.} Kxf7 41. Rxd3 $2 (41. Ng5+ {was called for.} Ke7 42. Qg8 Bxg5 43. Qg7+ Kd8 44. hxg5) 41... Rxd3 $19 42. Qc4+ Ke7 43. Qxd3 Qxf2 44. Qc2 {If only White now had time for Qc7+....} Qg3+ 45. Kh1 Nd4 46. Qc5+ (46. Qc7+ Kf8 47. Qd6+ Kg7 48. Qc7+ Kh6 49. Qc1+ Qf4 50. Qxf4+ exf4 51. Ne1) 46... Kf7 {Black is clearly winning.} 47. Qc7+ Kg8 48. Qc8+ Kg7 49. Qc7+ Kh6 50. Qc1+ Qf4 51. Qxf4+ exf4 52. e5 Nxf3 53. exf6 Nd4 54. g3 f3 55. Kg1 {[#]} Kh7 $1 {[%cal Rh7g8]} 56. Kf2 Kg8 {Weighted Error Value: White=0.33/Black=0.11} 0-1

[Event "Panchenko Memorial-A 2021"]
[Site "Chelyabinsk"]
[Date "2021.09.15"]
[Round "3.5"]
[White "Gutenev, Alexander"]
[Black "Aleksandrov, Aleksej"]
[Result "1/2-1/2"]
[WhiteElo "2430"]
[BlackElo "2525"]
[Annotator "TA"]
[PlyCount "61"]
[EventDate "2021.09.13"]
[EventType "swiss"]
[EventCountry "RUS"]
[SourceTitle "playchess.com"]
[Source "ChessBase"]
[SourceQuality "1"]

{[%evp 18,61,9,16,12,17,9,4,9,-4,-10,-12,-7,-10,-13,-12,-7,-7,-7,-7,-4,-1,0,0,0,0,0,0,0,0,0,0,0,-27,0,0,0,0,0,0,0,0,0,0,0,0]} 1. e4 e5 2. Nf3 Nc6 3. Bb5 Nf6 4. O-O Nxe4 5. Re1 Nd6 6. Nxe5 Be7 7. Bf1 Nxe5 8. Rxe5 O-O 9. d4 Bf6 10. Re1 Re8 {C67: Ruy Lopez: Berlin Defence: 4 0-0 Nxe4.} 11. Bf4 Rxe1 12. Qxe1 Ne8 13. Nc3 Bxd4 14. Nd5 {[#] Black must now prevent Qe4.} d6 15. Bg5 f6 16. Bh4 g5 17. Qe4 Bxb2 18. Re1 Be5 $1 {Strongly threatening ...c6.} ({But not} 18... gxh4 $2 19. Bd3 $18) 19. f4 gxh4 20. fxe5 dxe5 {...Be6 is the strong threat.} 21. Bd3 {[#]} Kf8 $146 ({Predecessor:} 21... Bf5 22. Qxf5 Qxd5 23. Qxh7+ Kf8 24. Qh6+ Ke7 25. Qh7+ Kf8 26. Kh1 Rd8 27. Qh6+ Ke7 {1-0 (52) Guseinov,G (2660)-Georgiadis,N (2528) Batumi 2019}) 22. Ne3 Qe7 23. Qxh4 Be6 24. Bxh7 Rd8 25. Rf1 Rd4 26. Be4 $1 {The position is equal.} Qa3 27. Rxf6+ Nxf6 28. Qxf6+ {[%mdl 64] [#] Double Attack} Bf7 29. Qh8+ $1 Bg8 30. Qf6+ Bf7 31. Qh8+ $1 {An uneventful encounter.  Weighted Error Value: White=0.02/Black=0.02} 1/2-1/2

[Event "Panchenko Memorial-A 2021"]
[Site "Chelyabinsk"]
[Date "2021.09.15"]
[Round "3.6"]
[White "Bocharov, Dmitry"]
[Black "Lazavik, Denis"]
[Result "0-1"]
[WhiteElo "2524"]
[BlackElo "2440"]
[Annotator "TA"]
[PlyCount "64"]
[EventDate "2021.09.13"]
[EventType "swiss"]
[EventCountry "RUS"]
[SourceTitle "playchess.com"]
[Source "ChessBase"]
[SourceQuality "1"]

{[%evp 9,64,0,0,0,0,0,0,-5,0,-19,-10,-14,-14,-15,0,-29,-45,-47,-39,-41,0,-38,-46,-105,-113,-116,-91,-133,-132,-131,-133,-266,-286,-316,-243,-274,-248,-263,-230,-332,-301,-322,-260,-326,-325,-365,-340,-411,-410,-423,-424,-517,-499,-608,-480,-810,-777]} 1. c4 e6 2. Nf3 d5 3. g3 Nf6 4. Bg2 dxc4 5. O-O Nbd7 6. Na3 {A13: English Opening: 1...e6.} Bxa3 7. bxa3 O-O {7...Nb6 is not played anymore.} 8. Qc2 {The position is equal.} c5 9. Qxc4 b6 10. Bb2 Bb7 11. d3 Qe7 12. e4 Rfd8 {[#]} 13. a4 $146 ({Predecessor:} 13. Rfe1 Ne8 14. Rad1 h6 15. Qc1 Rac8 16. Qe3 Nb8 17. d4 cxd4 18. Rxd4 Nc6 19. Rxd8 Rxd8 {½-½ (47) Neuman,P (2465)-Meijers,V (2481) Germany 2014}) 13... Nb8 {[%cal Bd7b8,Bb8c6,Bc6b4,Bb4d3][%mdl 32]} 14. Rfd1 Ba6 15. Qc1 Nc6 16. e5 {White is now going downhill.} (16. Qc3 $15) 16... Nd5 $17 17. Ng5 Ncb4 18. Be4 h6 19. Nf3 Rac8 20. Qd2 {[#]} (20. Rd2 $17 {was called for.}) 20... Nxd3 $1 $19 {[%mdl 512]} 21. Ba3 (21. a5 c4) 21... N3b4 22. Qb2 Nc6 23. Rac1 Na5 24. Nd2 (24. Bb1 $142) 24... Qe8 25. Bc2 Bb7 26. Re1 Ne7 27. Bb1 Nf5 ({Don't do} 27... Qc6 28. Ne4 $19) 28. Bxf5 exf5 29. e6 fxe6 {Black is clearly winning.} 30. Re3 Nc6 31. Nf3 Nd4 32. Ne5 (32. Nxd4 $142 cxd4 33. Rd3 Rxc1+ 34. Qxc1) 32... Rd5 {Weighted Error Value: White=0.51/Black=0.15} 0-1